00377nam a2200157Ia 45000010006000000050017000060080041000230410008000640820016000721000030000882450041001182600009001593000035001686500008002036540008002111394320260306164838.0260306t2009||||xx |||||||||||||| ||spa|| aESP a005.74bB45 aBernstein, Philip A.eAUT 0aPrinciples of transaction processing c2009 axviii, 378 páginas :c23 cm. aGEN aCCC